First Names of Single Named Singers - Statistics

General Stats
  • This quiz has been taken 71 times
  • The average score is 5 of 12
Answer Stats
Surname First Name % Correct
Knowles Beyonce
100%
Shakur Tupac
83%
Ciccone Madonna
77%
Adkins Adele
54%
Guðmundsdóttir Björk
50%
Raymond Usher
38%
Ripoll Shakira
37%
Nelson Prince
31%
Adu Sade
27%
Samuel Seal
17%
Furler Sia
17%
Kilcher Jewel
15%
No matching quizzes found
Score Distribution
Percent of People with Each Score
Percentile by Number Answered
Your Score History
You have not taken this quiz